Gemeinden von Bregenz - Statistiken

Allgemein
  • Dieses Quiz wurde 294 mal gespielt
  • Das Durchschnittsergebnis liegt bei 25 aus 40
Antwortstatistiken
Einwohner Gemeinde % Korrekt
29.711 Bregenz
97%
13.633 Hard
88%
6.512 Hörbranz
88%
8.579 Wolfurt
84%
10.274 Lauterach
82%
8.108 Höchst
81%
1.997 Bezau
78%
6.059 Lochau
76%
3.610 Egg
70%
3.233 Alberschwende
69%
1.769 Au
67%
1.125 Bizau
66%
3.911 Fußach
66%
1.297 Mellau
64%
954 Schoppernau
64%
3.927 Schwarzach
64%
1.843 Gaißau
63%
1.446 Langen bei Bregenz
63%
5.054 Mittelberg
63%
2.063 Hittisau
61%
2.634 Andelsbuch
60%
166 Warth
60%
773 Bildstein
58%
608 Buch
55%
308 Damüls
55%
1.028 Doren
55%
420 Eichenberg
55%
1.935 Kennelbach
55%
1.133 Langenegg
55%
1.535 Lingenau
55%
516 Möggers
55%
1.826 Schwarzenberg
55%
424 Sibratsgfäll
55%
1.327 Hohenweiler
54%
1.036 Krumbach
54%
453 Schnepfau
54%
211 Schröcken
54%
1.836 Sulzberg
52%
660 Reuthe
48%
1.053 Riefensberg
48%
Keine übereinstimmenden Quizze gefunden
Verteilung der Resultate
Anzahl Personen mit jedem Resultat
Perzentil nach korrekt beantworteten Fragen
Ihre Resultats-Entwicklung
Sie haben dieses Quiz noch nicht gespielt